World Rugby U20 Trophy Best Finish by Country - Statistics

General Stats
  • This quiz has been taken 5 times
    3 since last reset
  • The average score is 20 of 26
Answer Stats
Country Years Debut Most Recent Best Finish % Correct
Canada 9 2010 (6th) 2019 (5th) 2nd (2013,2015)
100%
Chile 5 2008 (2nd) 2017 (5th) 2nd (2008)
100%
Fiji 4 2015 (5th) 2018 (1st) Champions (2018)
100%
Georgia 5 2008 (3rd) 2015 (1st) Champions (2015)
100%
Italy 2 2010 (1st) 2013 (1st) Champions (2010,2013)
100%
Japan 8 2010 (2nd) 2024 (3rd) Champions (2015,2017,2019)
100%
Kenya 4 2009 (4th) 2024 (8th) 4th (2009)
100%
Namibia 8 2008 (5th) 2018 (4th) 4th (2016,2017,2018)
100%
Romania 4 2008 (4th) 2018 (8th) Champions (2009)
100%
Russia 3 2010 (3rd) 2012 (8th) 3rd (2010)
100%
Samoa 5 2011 (1st) 2024 (6th) Champions (2011,2016)
100%
Spain 2 2016 (2nd) 2023 (2nd) 2nd (2016,2023)
100%
Tonga 5 2012 (3rd) 2019 (3rd) 2nd (2014)
100%
United States 7 2009 (2nd) 2024 (2nd) Champions (2012)
100%
Uruguay 12 2008 (1st) 2024 (4th) Champions (2008,2023)
100%
Zimbabwe 3 2010 (7th) 2016 (8th) 7th (2010,2012)
100%
Brazil 1 2019 (7th) 2019 (7th) 7th (2019)
50%
Cooks Islands 1 2008 (7th) 2008 (7th) 7th (2008)
50%
Hong Kong 8 2014 (8th) 2024 (7th) 6th (2018)
50%
Netherlands 1 2024 (5th) 2024 (5th) 5th (2024)
50%
Papau New Guinea 2 2009 (6th) 2010 (8th) 6th (2009)
50%
Portugal 5 2013 (6th) 2019 (2nd) 2nd (2017,2019)
50%
Scotland 2 2023 (3rd) 2024 (1st) Champions (2024)
50%
South Korea 2 2008 (6th) 2009 (7th) 6th (2008)
50%
Cayman Islands 1 2009 (8th) 2009 (8th) 8th (2009)
0%
Jamaica 1 2008 (8th) 2008 (8th) 8th (2008)
0%
No matching quizzes found
Score Distribution
Percent of People with Each Score
Percentile by Number Answered
Your Score History
You have not taken this quiz since the last reset